| 000 -LEADER |
| fixed length control field |
00754cam a2200265 a 4500 |
| 001 - CONTROL NUMBER |
| control field |
(Sirsi) a948747 |
| 003 - CONTROL NUMBER IDENTIFIER |
| control field |
OSt |
| 005 - DATE AND TIME OF LATEST TRANSACTION |
| control field |
20191223112239.0 |
| 008 - FIXED-LENGTH DATA ELEMENTS--GENERAL INFORMATION |
| fixed length control field |
060505r20112005enkb d 000 1 eng |
| 020 ## - INTERNATIONAL STANDARD BOOK NUMBER |
| International Standard Book Number |
9780552552110 |
| Qualifying information |
(pbk.) : |
| 020 ## - INTERNATIONAL STANDARD BOOK NUMBER |
| International Standard Book Number |
0552552119 |
| Qualifying information |
(pbk.) : |
| 040 ## - CATALOGING SOURCE |
| Original cataloging agency |
NFN |
| Language of cataloging |
eng |
| Transcribing agency |
TAE |
| 042 ## - AUTHENTICATION CODE |
| Authentication code |
nbic |
| 082 ## - DEWEY DECIMAL CLASSIFICATION NUMBER |
| Classification number |
FIC PAO |
| 100 1# - MAIN ENTRY--PERSONAL NAME |
| Personal name |
Paolini, Christopher. |
| Relator term |
author |
| 245 10 - TITLE STATEMENT |
| Title |
Eldest / |
| Statement of responsibility, etc. |
Christopher Paolini. |
| 260 ## - PUBLICATION, DISTRIBUTION, ETC. |
| Place of publication, distribution, etc. |
London : |
| Name of publisher, distributor, etc. |
Corgi Children's, |
| Date of publication, distribution, etc. |
2011. |
| 300 ## - PHYSICAL DESCRIPTION |
| Extent |
xvii, 681 p. : |
| Other physical details |
map ; |
| Dimensions |
20 cm. |
| 490 0# - SERIES STATEMENT |
| Series statement |
Inheritance cycle ; |
| Volume/sequential designation |
bk. 2. |
| 500 ## - GENERAL NOTE |
| General note |
Originally published: London: Doubleday, 2005. |
| 521 1# - TARGET AUDIENCE NOTE |
| Target audience note |
13-18. |
| 650 #0 - SUBJECT ADDED ENTRY--TOPICAL TERM |
| Topical term or geographic name entry element |
Dragons |
| Form subdivision |
Juvenile fiction. |
| 650 #0 - SUBJECT ADDED ENTRY--TOPICAL TERM |
| Topical term or geographic name entry element |
Young adult fiction. |
| 942 ## - ADDED ENTRY ELEMENTS (KOHA) |
| Source of classification or shelving scheme |
|
| Koha item type |
Books - Fiction |